Normal view
MARC view
- FINITE ELEMENT METHOD, HEAT TRANSMISSION, HEAT EQUATION, FLUID DYNAMICS.FEM FOR HEAT AND FLUID FLOW
Entry Topical Term
001 - CONTROL NUMBER
- control field: 77850
003 - CONTROL NUMBER IDENTIFIER
- control field: NUST
005 - DATE AND TIME OF LATEST TRANSACTION
- control field: 20210628210021.0
008 - FIXED-LENGTH DATA ELEMENTS
- fixed length control field: 210628|| aca||aabn | a|a d
040 ## - CATALOGING SOURCE
- Original cataloging agency: NUST
- Transcribing agency: NUST
150 ## - HEADING--TOPICAL TERM
- Topical term or geographic name entry element: FINITE ELEMENT METHOD, HEAT TRANSMISSION, HEAT EQUATION, FLUID DYNAMICS.FEM FOR HEAT AND FLUID FLOW
670 ## - SOURCE DATA FOUND
- Source citation: Work cat.: (NUST): Lewis, Roland W 77849, Fundamentals of the finite element method for heat and fluid flow, 2004
